Red Sox WAR Leaders by Year - Statistics

General Stats
  • This quiz has been taken 195 times
  • The average score is 41 of 55
Answer Stats
Year WAR Position Answer % Correct
2006 5.8 DH David Ortiz
100%
2005 5.2 DH David Ortiz
100%
2019 7.3 RF Mookie Betts
98%
2018 10.7 RF Mookie Betts
98%
2017 6.4 RF Mookie Betts
98%
2016 9.5 RF Mookie Betts
98%
2015 6.1 RF Mookie Betts
98%
2003 8.0 SP Pedro Martinez
98%
2000 11.7 SP Pedro Martinez
98%
1999 9.8 SP Pedro Martinez
98%
1998 7.1 SP Pedro Martinez
98%
2014 3.9 2B Dustin Pedroia
96%
2013 6.1 2B Dustin Pedroia
96%
2012 5.1 2B Dustin Pedroia
96%
2008 7.0 2B Dustin Pedroia
96%
2023 3.5 3B Rafael Devers
95%
2022 5.9 SS Xander Bogaerts
91%
2021 5.0 SS Xander Bogaerts
91%
2024 8.7 CF Jarren Duran
88%
1996 7.8 SP Roger Clemens
88%
1994 6.0 SP Roger Clemens
88%
1992 8.8 SP Roger Clemens
88%
1991 7.9 SP Roger Clemens
88%
1990 10.4 SP Roger Clemens
88%
1987 9.4 SP Roger Clemens
88%
1986 8.8 SP Roger Clemens
88%
1989 8.4 3B Wade Boggs
81%
1988 8.3 3B Wade Boggs
81%
1985 9.1 3B Wade Boggs
81%
1984 6.3 3B Wade Boggs
81%
1983 7.8 3B Wade Boggs
81%
1970 9.5 1B Carl Yastrzemski
78%
1977 7.0 C Carlton Fisk
77%
1972 7.3 C Carlton Fisk
77%
1997 6.6 SS Nomar Garciaparra
76%
2004 7.7 SP Curt Schilling
73%
2011 8.3 CF Jacoby Ellsbury
70%
1978 7.6 LF Jim Rice
70%
2001 5.2 DH Manny Ramirez
67%
2007 6.5 SP Josh Beckett
58%
2009 6.6 1B Kevin Youkilis
56%
1982 6.5 RF Dwight Evans
53%
1981 6.7 RF Dwight Evans
53%
2010 7.8 3B Adrian Beltre
50%
2002 7.3 SP Derek Lowe
50%
1980 4.7 CF Fred Lynn
50%
1979 8.9 CF Fred Lynn
50%
1975 7.4 CF Fred Lynn
50%
1976 6.2 SP Luis Tiant
47%
1974 7.7 SP Luis Tiant
47%
2020 2.1 LF Alex Verdugo
40%
1973 6.1 SP Bill Lee
26%
1995 8.3 SS John Valentin
24%
1993 5.7 SP Danny Darwin
7%
1971 6.6 SP Sonny Siebert
7%
No matching quizzes found
Score Distribution
Percent of People with Each Score
Percentile by Number Answered
Your Score History
You have not taken this quiz